Atlas of the Middle East
Αποθηκεύτηκε σε:
| Συγγραφή απο Οργανισμό/Αρχή: | |
|---|---|
| Μορφή: | Βιβλίο |
| Γλώσσα: | English |
| Δημοσίευση: |
Washington, D.C. :
National Geographic Society,
2003
|
| Θέματα: | |
| Ετικέτες: |
Προσθήκη ετικέτας
Δεν υπάρχουν, Καταχωρήστε ετικέτα πρώτοι!
|
MARC
| LEADER | 00000nam a2200000 i 4500 | ||
|---|---|---|---|
| 001 | 1/92500 | ||
| 008 | 080827s2003 eng d | ||
| 020 | |a 978-0-7922-5066-1 | ||
| 035 | |l 10099650 | ||
| 040 | |a GR-MY-UA |b gre |e aacr | ||
| 041 | 0 | |a eng | |
| 082 | 0 | |a 912.56 |2 (22) | |
| 110 | 2 | |a National Geographic Society (U.S.) |b Book Division. | |
| 245 | 1 | 0 | |a Atlas of the Middle East / |c National Geographic |
| 246 | 3 | 3 | |a National Geographic atlas of the Middle East |
| 260 | |a Washington, D.C. : |b National Geographic Society, |c 2003 | ||
| 300 | |a 1 άτλας (96 σ.); |b έγχρ. εικ., έγχρ. χάρτες; |c 28 εκ. | ||
| 504 | |a Περιέχει βιβλιογραφικές παραπομπές και ευρετήριο | ||
| 650 | 0 | 0 | |a Natural resources |z Middle East |x Maps. |
| 651 | 0 | |a Middle East |x Maps. | |
| 651 | 0 | |a Middle East |x Economic conditions |x Maps. | |
| 651 | 0 | |a Moyen-Orient |x Atlas. | |
| 852 | |a INST |b LESVOS |e 20080827 |h 912.56 NAT |p 005100042972 |q 005100042972 |t REF |y 23 | ||
| 901 | |a BIBL1-2008-2 | ||
| 909 | |a Λ |b 153700 | ||
| 922 | |a 1ΕΛΗ |b 200803 |c ΕΠΕΑΕΚ2/ΤΓ |d ΕΛΕΥΘΕΡΟΥΔΑΚΗΣ | ||
| 970 | |a ΚΑΡΑ |b ΓΙΑΣΕΜΗ |z 2008/08/27 | ||